IPCC Radiative Forcing Estimates - Statistics

General Stats
  • This quiz has been taken 52 times
  • The average score is 8 of 12
Answer Stats
Emitted Compound/ Forcing Radiative forcing by emissions and drivers (W/m^2) % Correct
CO2 1.68
95%
NOx -0.15
75%
CH4 0.97
75%
NMVOC 0.10
70%
Albedo change due to land use -0.15
70%
N2O 0.17
70%
Halo-Carbons 0.18
70%
Total anthropogenic RF relative to 1750 2.29
70%
Changes in solar irradiance (natural) 0.05
65%
Cloud adjustments due to aerosols -0.55
65%
CO 0.23
60%
Aerosols and precursors -0.27
60%
No matching quizzes found
Score Distribution
Percent of People with Each Score
Percentile by Number Answered
Your Score History
You have not taken this quiz